DTM Meister - Statistiken

Allgemein
  • Dieses Quiz wurde 121 mal gespielt
    61 seit der letzten Aktualisierung
  • Das Durchschnittsergebnis liegt bei 16 aus 27
Antwortstatistiken
Antwort % Korrekt
René Rast
86%
Bernd Schneider
84%
Sheldon van der Linde
84%
Marco Wittmann
81%
Timo Schneider
81%
Mattias Ekström
79%
Ayhancan Güven
77%
Bruno Spengler
74%
Thomas Preining
74%
Gary Paffett
70%
Pascal Wehrlein
67%
Mirko Bortolotti
65%
Laurent Aïello
63%
Martin Tomczyk
60%
Paul di Resta
60%
Klaus Ludwig
58%
Maximilian Götz
58%
Mike Rockenfeller
58%
Manuel Reuter
53%
Hans-Joachim Stuck
49%
Kurt Thiim
44%
Nicola Larini
40%
Roberto Ravaglia
26%
Volker Strycek
26%
Eric van de Poele
21%
Frank Biela
21%
Per Stureson
19%
Keine übereinstimmenden Quizze gefunden
Verteilung der Resultate
Anzahl Personen mit jedem Resultat
Perzentil nach korrekt beantworteten Fragen
Ihre Resultats-Entwicklung
Sie haben dieses Quiz seit der letzten Aktualisierung nicht gespielt